Pulsed field gel electrophoresis: a practical guide
Gardado en:
| Main Authors: | , |
|---|---|
| Formato: | Libro |
| Idioma: | inglés |
| Publicado: |
San Diego
Academic Press
1993
|
| Subjects: | |
| Tags: |
Engadir etiqueta
Sen Etiquetas, Sexa o primeiro en etiquetar este rexistro!
|
MARC
| LEADER | 00000nam a2200000 a 4500 | ||
|---|---|---|---|
| 001 | UCU3351 | ||
| 003 | CL-VaPUC | ||
| 008 | 960510e19930000US |||||||||||||||||eng|d | ||
| 082 | 0 | 4 | |a 541.372 |b BIR |2 21 |
| 100 | 0 | |a Birren, Bruce |e author |9 360250 | |
| 700 | 0 | |a Lai, Eric |e author |9 360251 | |
| 245 | 1 | 0 | |a Pulsed field gel electrophoresis: a practical guide |
| 300 | |a 253 p | ||
| 942 | |c BK | ||
| 945 | |d 19960510 00:00:00 |a rbrito | ||
| 260 | |a San Diego |b Academic Press |c 1993 | ||
| 650 | 0 | |a Química |9 259896 | |
| 650 | 7 | |a ELECTROFORESIS |2 CL-VaPUC |9 261799 | |
| 650 | 0 | |a Ácidos nucleicos |9 348842 | |
| 650 | 0 | |a Electroquímica |9 263973 | |
| 650 | 0 | |a Células |9 269548 | |
| 650 | 0 | |a Cromosomas |9 344073 | |
| 650 | 0 | |a Enzimas |9 262984 | |
| 650 | 0 | |a Moléculas |9 259584 | |
| 583 | |a last modification |c 19960510 00:00:00 |k Rodrigo Vera | ||
| 999 | |c 247382 |d 247380 | ||